Départements Français par superficie - Statistiques

Statistiques générales
  • Ce quiz a été pris 18 fois
  • Le résultat moyen est 26 sur 95
Statistiques - réponses
SUPERFICIE EN KM² DÉPARTEMENTS % Correct
10 000 Gironde (33)
93%
9 243 Landes (40)
53%
9 060 Dordogne (24)
47%
105 Paris (75)
47%
5 973 Var (83)
47%
7 369 Aisne (02)
40%
5 853 Gard (30)
40%
5 762 Ain (01)
33%
7 34 Allier (03)
33%
6 925 Alpes de Haute Provence (04)
33%
6 004 Aube (10)
33%
6 139 Aude (11)
33%
8 763 Côte-d'Or (21)
33%
1 804 Essonne (91)
33%
6 733 Finistère (29)
33%
5 549 Hautes-Alpes (05)
33%
6 775 Ille-et-Vilaine (35)
33%
7 431 Isère (38)
33%
6 775 Loiret (45)
33%
5 938 Manche (50)
33%
8 162 Marne (51)
33%
6 671 Pas-de-Calais (62)
33%
7 970 Puy-de-Dôme (63)
33%
4 299 Pyrénées-Orientales (66)
33%
8 575 Saône-et-Loire (71)
33%
5 915 Seine-et-Marne (77)
33%
7 427 Yonne (89)
33%
5 529 Ardèche (07)
27%
8 735 Aveyron (12)
27%
5 956 Charente (16)
27%
6 864 Charente Maritime (17)
27%
7 235 Cher (18)
27%
6 878 Côtes-d'Armor (22)
27%
6 530 Drôme (26)
27%
6 040 Eure (27)
27%
6 309 Haute-Garonne (31)
27%
4 977 Haute-Loire (43)
27%
6 211 Haute-Marne (52)
27%
4 464 Hautes-Pyrénées (65)
27%
176 Hauts-de-Seine (92)
27%
6 224 Hérault (34)
27%
6 791 Indre (36)
27%
6 127 Indre-et-Loire (37)
27%
4 781 Loire (42)
27%
6 815 Loire-Atlantique (44)
27%
6 343 Loir-et-Cher (41)
27%
7 166 Maine-et-Loire (49)
27%
6 211 Meuse (55)
27%
6 823 Morbihan (56)
27%
6 817 Nièvre (58)
27%
5 743 Nord (59)
27%
5 860 Oise (60)
27%
6 103 Orne (61)
27%
7 645 Pyrénées Atlantiques (64)
27%
3 525 Rhône (69)
27%
6 206 Sarthe (72)
27%
236 Seine Saint Denis (93) ]
27%
245 Val-de-Marne (94)
27%
3 718 Vaucluse (84)
27%
7 016 Vendée (85)
27%
2 284 Yvelines (78)
27%
4 464 Alpes-Maritimes (06)
20%
5 229 Ardennes (08)
20%
4 755 Bas-Rhin (67)
20%
5 087 Bouches du Rhône (13)
20%
5 548 Calvados (14)
20%
5 726 Cantal (15)
20%
5 857 Corrèze (19)
20%
4 116 Corse-du-Sud (2A)
20%
5 234 Doubs (25)
20%
5 880 Eure-et-Loir (28)
20%
6 257 Gers (32)
20%
4 666 Haute-Corse (2B)
20%
5 360 Haute-Saône (70)
20%
4 464 Haute-Savoie (74)
20%
3 567 Haut-Rhin (68)
20%
4 999 Jura (39)
20%
5 217 Lot (46)
20%
5 361 Lot-et-Garonne (47)
20%
5 167 Lozère (48)
20%
5 246 Meurthe-et-Moselle (54)
20%
6 216 Moselle (57)
20%
6 028 Savoie (73)
20%
6 309 Seine-Maritime (76)
20%
6 170 Somme (80)
20%
5 758 Tarn (81)
20%
4 014 Tarn-et-Garonne (82)
20%
609 Territoire de Belfort (90)
20%
1 246 Val-d'Oise (95)
20%
6 990 Vienne (86)
20%
5 874 Vosges (88)
20%
4 890 Ariège (09)
13%
5 565 Creuse (23)
13%
5 999 Deux-Sèvres (79)
13%
5 520 Haute-Vienne (87)
13%
Aucun quiz correspondant
Distribution des résultats
% des personnes avec chaque résultat
Percentile par nombre de réponses
Votre historique - résultats
Vous n’avez pas pris ce quiz